000 00532nam a22001217a 4500
082 _a220 PRO
100 _aNS Amna Jehangir NS Hassaan Baig NS Haider Ali NS Wasay Khan Niazi
_972131
245 _aPR-SOF-1494-DESIGN AND DEVELOPMENT OF GESTURE CONTROLLED PROSTHETIC LIMB WITH HELP OF A MYO-BOND; CONSTITUTING OF A GRIPPER, WRIST ROTATOR (1DOF) AND ELBOW JOINT
260 _aISLAMABAD
_bNUST COLLEGE OF EME
_c2016
650 _aDE-MTS-34
700 _aBrig. Dr. Javaid Iqbal Dr. Umar Shahbaz Khan Lec. Usman Asad
_972132
942 _cCR
999 _c578300
_d578300